LIBRARY & INFORMATION CENTRE, KCAET, TAVANUR

ONLINE PUBLIC ACCESS CATALOGUE (OPAC)

Development of an electric cum solar oven and study of its performance (Record no. 15335)

MARC details
000 -LEADER
fixed length control field 00552nam a22001817a 4500
082 ## - DEWEY DECIMAL CLASSIFICATION NUMBER
Classification number 631.56
Item number GEO/DE
100 ## - MAIN ENTRY--AUTHOR NAME
Personal name GEORGE, K. O
245 ## - TITLE STATEMENT
Title Development of an electric cum solar oven and study of its performance
260 ## - PUBLICATION, DISTRIBUTION, ETC. (IMPRINT)
Place of publication Tavanur
Name of publisher Kelappaji College of Agricultural Engineering and Technology
Year of publication 1991
300 ## - PHYSICAL DESCRIPTION
Number of Pages 70
500 ## - GENERAL NOTE
General note project report
520 ## - SUMMARY, ETC.
Summary, etc project report
650 ## - SUBJECT ADDED ENTRY--TOPICAL TERM
Topical Term project report
700 ## - ADDED ENTRY--PERSONAL NAME
Personal name Mohammed Raphy
700 ## - ADDED ENTRY--PERSONAL NAME
Personal name Padmakumar, V. T
700 ## - ADDED ENTRY--PERSONAL NAME
Personal name Raj Mohan, C. K
942 ## - ADDED ENTRY ELEMENTS (KOHA)
Koha item type Project Report
Holdings
Withdrawn status Lost status Damaged status Home library Current library Date acquired Full call number Accession Number Koha item type
      KAUAET KAUAET 03/03/2018 631.56 GEO/DE 17790 Project Report
free website counter